Pays avec la lettre S comme deuxième lettre - Statistiques

Statistiques générales
  • Ce quiz a été pris 1 319 fois
  • Le résultat moyen est 4 sur 5
Statistiques - réponses
Pays % Correct
Estonie
90%
Espagne
83%
Islande
83%
Eswatini
65%
Israël
59%
Aucun quiz correspondant
Distribution des résultats
% des personnes avec chaque résultat
Percentile par nombre de réponses
Votre historique - résultats
Vous n’avez pas pris ce quiz